000 01329nam a2200313 i 4500
005 20220317001418.0
007 ta
008 161108s2013 ck g 000 0 spa
020 _a9789586828451
040 _aCO-BoRNBP
_bspa
_cCO-BoRNBP
_erda
041 0 _aspa
043 _as-ck---
082 0 4 _a330.9861
_bC17i1
_223
100 1 _aCárdenas Santamaría, Mauricio,
_eautor
245 1 0 _aIntroducción a la economía colombiana
_cMauricio Cárdenas Santamaría ; colaboración de Roberto Junguito ...[y otros cinco]
250 _aTercera edición
264 1 _aBogotá
_bAlfaomega
_bFedesarrollo
_c2013
300 _a549 páginas
_bgráficos en blanco y negro
_c24 cm
336 _atexto
_btxt
_2rdacontent
337 _asin mediación
_bn
_2rdamedia
338 _avolumen
_bnc
_2rdacarrier
490 _aEconomía
_pEconomía colombiana
504 _aIncluye datos biográficos del autor
505 _aIntroducción: Hacia un nuevo paradigma -- Producción e ingresos -- Crecimiento económico -- Instituciones -- El sector externo -- Finanzas públicas -- Dinero, precios y tasa de cambio -- Mercado financiero -- El mercado de trabajo -- Pobreza y desigualdad
650 1 7 _aEconomía colombiana
_2ARMARC
650 1 7 _aMercado financiero
_2ARMARC
650 1 7 _aCrecimiento económico
_zColombia
_2ARMARC
942 _2ddc
_cBK
999 _c6900
_d6900